Το πανεπιστημιακόν ζήτημα επί της υπουργίας μου: (30.11.35 -13.1.36)

Αποθηκεύτηκε σε:
Λεπτομέρειες βιβλιογραφικής εγγραφής
Κύριος συγγραφέας: Μπαλάνος, Δημήτριος Σ., 1877-1959
Μορφή: Βιβλίο
Γλώσσα:Greek
Δημοσίευση: Αθήναι: [χ.ε.], 1936.
Θέματα:
Ετικέτες: Προσθήκη ετικέτας
Δεν υπάρχουν, Καταχωρήστε ετικέτα πρώτοι!

MARC

LEADER 00000cam a2200000 a 4500
001 1/124985
008 220603s1936####gr | ||| |||| ||gre||
040 |a GR-MyUa  |b gre  |c GR-MyUa  |e AACR2 
041 0 |a gre 
082 7 |a 378.495  |2 (23)  
100 1 |a Μπαλάνος, Δημήτριος Σ.,   |d 1877-1959. 
245 1 3 |a Το πανεπιστημιακόν ζήτημα επί της υπουργίας μου:   |b (30.11.35 -13.1.36) /   |c Δ.Σ.Μπαλάνου.  
260 |a Αθήναι:   |b [χ.ε.],   |c 1936.  
300 |a 16 σ. ;   |c 25 εκ.  
650 0 |a Education, Higher  |z Greece. 
650 0 |a Universities and colleges  |z Greece. 
650 0 |a Educational change  |z Greece. 
970 |a Σιδερή   |b Νεκταρία   |z 2022/06/03